LDR 00712naa#a2200265#i#450# 001 EN\\bibl\121718 005 20260428193726.2 011 ## _a3034-4689 100 ## _a20260424b2026####ek#y0engy0150####ca 102 ## _aRU 200 1# _aKINETICS OF PROPYLENE EPOXIDATION WITH CUMENE HYDROPEROXIDE CONTAINED IN INDUSTRIALLY OXIDIZED CUMENE _eJournal article 210 1# _aKazan _cKazan National Research Technological University _d2026 215 ## _a5 с. 608 ## _aJournal article _2local 700 #1 _aBagaveev _gI. M. 700 #1 _a _g 700 #1 _a _g 700 #1 _a _g 700 #1 _a _g 700 #1 _a _g 700 #1 _a _g 700 #1 _aKharlampidi _gKharlampij Evklidovich 700 #1 _a _g 700 #1 _a _g 856 4# _avestniktu.ru _u